Peer review and manuscript management in scientific journals: Guidelines for good practice (Record no. 42694)

MARC details
000 -LEADER
fixed length control field 00378nam a2200121Ia 4500
020 ## - INTERNATIONAL STANDARD BOOK NUMBER
ISBN 9781405131599
082 ## - DEWEY DECIMAL CLASSIFICATION NUMBER
Classification number 050.1/4~070.1/4
Item number HAM
100 ## - MAIN ENTRY--AUTHOR NAME
Personal name Hames, Irene
245 #0 - TITLE STATEMENT
Title Peer review and manuscript management in scientific journals: Guidelines for good practice
260 ## - PUBLICATION, DISTRIBUTION, ETC. (IMPRINT)
Place of publication USA
Name of publisher Blackwell Publishing
Year of publication 2007
942 ## - ADDED ENTRY ELEMENTS (KOHA)
Koha item type Books
Holdings
Withdrawn status Lost status Damaged status Not for loan Home library Current library Date acquired Cost, normal purchase price Full call number Accession Number Koha item type
        RRII Library RRII Library 16/12/2021 19.99 050.1/4~070.1/4 HAM 22960 Books